000 01328cam a22003011 4500
001 e 42000222
003 DLC
005 20260227111231.0
008 770526s1941 aluf b s000 0 eng
010 _ae 42000222
035 _a(OCoLC)2995543
040 _aDLC
_cABAU
_dABAU
_dOCoLC
_dDLC
050 0 0 _aL116
_b.B2 1941, no. 5
082 _a372.9761
_a375.009761
110 1 _aAlabama.
_bDepartment of Education.
245 1 0 _aCourse of study and teacher's guide for the elementary schools, grades one to six.
_bAlabama curriculum development program.
_cAuthorized by the State board of education.
260 _a[Wetumpka,
_bWetumpka printing co., printers and publishers,
_c1941]
300 _a1 p. l., v-xii, 484 p.
_bplates.
_c23 cm.
490 1 _aIts Curriculum bulletin
_vno. 8
490 1 _aIts Department bulletin 1941,
_vno. 5
500 _aAt head of title: State of Alabama. Dept. of education. Division of instruction, Montgomery.
504 _a"Selective bibliography": p. 478-484.
650 0 _aEducation, Elementary
_xCurricula
_zAlabama.
710 1 _aAlabama.
_bState Board of Education.
740 0 _aAlabama curriculum development program.
810 1 _aAlabama.
_bDepartment of Education.
_tCurriculum bulletin
_vno. 8.
810 1 _aAlabama.
_bDepartment of Education.
_tDepartment bulletin 1941,
_vno. 5.
999 _c21876
_d21876